MARC details
| 000 -LEADER |
| fixed length control field |
04639nam a22003137a 4500 |
| 007 - PHYSICAL DESCRIPTION FIXED FIELD--GENERAL INFORMATION |
| fixed length control field |
cr |
| 008 - FIXED-LENGTH DATA ELEMENTS--GENERAL INFORMATION |
| fixed length control field |
220210e20211209ag |||||om||| 001 0 spa d |
| 040 ## - CATALOGING SOURCE |
| Transcribing agency |
AR-FvUNAJ |
| Modifying agency |
AR-FvUNAJ |
| Description conventions |
aacr2 |
| 041 ## - LANGUAGE CODE |
| Language code of text/sound track or separate title |
spa |
| 100 1# - MAIN ENTRY--PERSONAL NAME |
| 9 (RLIN) |
13895 |
| Personal name |
Vera, Pablo Mariano |
| 245 10 - TITLE STATEMENT |
| Title |
Correlación de dos métodos para la determinación de 17-Hidroxiprogesterona / |
| Statement of responsibility, etc |
Pablo Mariano Vera |
| 260 ## - PUBLICATION, DISTRIBUTION, ETC. (IMPRINT) |
| Place of publication, distribution, etc |
Florencio Varela : |
| Name of publisher, distributor, etc |
Universidad Nacional Arturo Jauretche, |
| Date of publication, distribution, etc |
2021 |
| 300 ## - PHYSICAL DESCRIPTION |
| Extent |
49 p. |
| Other physical details |
il. col. |
| 502 ## - DISSERTATION NOTE |
| Tipo de título |
Tesis para obtener el titulo de Bioquímico/a |
| Información miscelánea |
Universidad Nacional Arturo Jauretche. |
| 520 2# - SUMMARY, ETC. |
| Summary, etc |
Introducción: La 17α-hidroxiprogesterona (17OHP) es un metabolito intermediario producido en las vías esteroidogénicas de la corteza suprarrenal. El dosaje de 17OHP permite evaluar la función endócrina de las glándulas suprarrenales. Una de las patologías endócrinas más frecuentes en pediatría es la hiperplasia suprarrenal congénita (HSC), que resulta de la deficiencia o ausencia de total de una enzima que participa en la biosíntesis de hormonas esteroideas. El déficit de 21-hidroxilasa es el más frecuente, ocasiona aumento de los niveles de 17OPH, este metabolito se determina mediante el método de radioinmunoensayo (RIA). Un resultado preciso y exacto es imprescindible para llegar a un diagnóstico certero y realizar el tratamiento, control y seguimientos de los pacientes.<br/>Objetivo: Correlacionar dos métodos de dosaje de 17OHP in vitro utilizando muestras de pacientes a partir de la introducción en el mercado de un nuevo método analítico.<br/>Materiales y métodos: Se trabajó con muestras de pacientes de ambos sexos con edades comprendidas entre los 15 días y 30 años, que concurrieron al hospital durante el periodo establecido de abril a octubre de 2020 para el diagnóstico y control de tratamiento de hiperplasia suprarrenal, amenorreas y sospecha de pubertad precoz. Se realizó la determinación 17OHP mediante dos métodos, RIA y quimioluminiscencia Maglumi® 600. Se evaluaron características de la población, estadísticos descriptivos de las muestras, se evaluó la distribución, se realizó el test Wilcoxon, análisis de correlación, gráficos de Bland Altman para evaluar error sistemático, cálculo del sesgo, coeficiente de variación, el error total y finalmente la regresión de Passing-Bablok.<br/>Resultados: El análisis de la distribución de los datos mostró que no se distribuían de manera normal, el test Wilcoxon indicó que existe una diferencia significativa en las medianas de ambas metodologías. En el análisis de correlación de Spearman se observó una buena correlación entre los dos métodos, esta es positiva y clasificada como fuerte. En cuanto al análisis de las diferencias realizado mediante gráficos de Bland-Altman,se calculó una diferencia media relativa de 10,7%, este valor es menor al límite de desviación deseable con criterio de variabilidad biológica (13,5%). El coeficiente de variación, sesgo o BIAS y error total del nuevo método, para dos niveles de control de calidad cumplen con el criterio de variabilidad biológica. En el análisis de la regresión de Passing Bablok se obtuvo la siguiente ecuación de la recta: y= 1,116 x + 0,0130.<br/>Discusión y conclusión: Según el análisis estadístico, ambos métodos de dosajede 17OHP, se consideran intercambiables y equivalentes puesto que hay concordancia entre ambos, cumplen con el criterio de variabilidad biológica para el análisis de la diferencias de Bland-Altaman, CV, sesgo y error total. La regresión lineal mostró que existe un mínimo sesgo proporcional que no condiciona la utilidad clínica.<br/>Por lo expuesto, los dos métodos se consideran adecuados para el diagnóstico clínico, recomendando que el seguimiento de los pacientes se realice siempre por un mismo método. |
| 540 ## - TERMS GOVERNING USE AND REPRODUCTION NOTE |
| Terms governing use and reproduction |
Esta obra está bajo una Licencia Creative Commons Argentina. Atribución – no comercial – sin obra derivada 4.0 |
| Uniform Resource Identifier |
<a href="https://creativecommons.org/licenses/by-nc-nd/4.0/ ">https://creativecommons.org/licenses/by-nc-nd/4.0/ </a> |
| 630 00 - SUBJECT ADDED ENTRY--UNIFORM TITLE |
| 9 (RLIN) |
11366 |
| Uniform title |
Bioquímica |
| 650 27 - SUBJECT ADDED ENTRY--TOPICAL TERM |
| Source of heading or term |
decs |
| 9 (RLIN) |
11337 |
| Topical term or geographic name as entry element |
17-ALFA-HIDROXIPROGESTERONA |
| 650 27 - SUBJECT ADDED ENTRY--TOPICAL TERM |
| Source of heading or term |
decs |
| 9 (RLIN) |
13896 |
| Topical term or geographic name as entry element |
RADIOINMUNOENSAYO |
| 650 27 - SUBJECT ADDED ENTRY--TOPICAL TERM |
| Source of heading or term |
decs |
| 9 (RLIN) |
13897 |
| Topical term or geographic name as entry element |
MEDICIONES LUMINISCENTES |
| 650 24 - SUBJECT ADDED ENTRY--TOPICAL TERM |
| 9 (RLIN) |
13898 |
| Topical term or geographic name as entry element |
QUIMIOLUMINISCENCIA |
| 650 27 - SUBJECT ADDED ENTRY--TOPICAL TERM |
| Source of heading or term |
decs |
| 9 (RLIN) |
12707 |
| Topical term or geographic name as entry element |
HIPERPLASIA SUPRARRENAL CONGENITA |
| 650 27 - SUBJECT ADDED ENTRY--TOPICAL TERM |
| Source of heading or term |
decs |
| 9 (RLIN) |
13899 |
| Topical term or geographic name as entry element |
ESTEROIDE 21-HIDROXILASA |
| 700 1# - ADDED ENTRY--PERSONAL NAME |
| 9 (RLIN) |
14553 |
| Personal name |
Tournier, Andrea |
| Relator term |
Director |
| 856 41 - ELECTRONIC LOCATION AND ACCESS |
| Uniform Resource Identifier |
<a href="https://rid.unaj.edu.ar/handle/123456789/2633">https://rid.unaj.edu.ar/handle/123456789/2633</a> |
| Electronic format type |
application/pdf |
| 942 ## - ADDED ENTRY ELEMENTS (KOHA) |
| Source of classification or shelving scheme |
Dewey Decimal Classification |
| Item type |
Trabajo final de grado |
| 980 ## - EQUIVALENCE OR CROSS-REFERENCE-SERIES STATEMENT--PERSONAL NAME/TITLE [LOCAL, CANADA] |
| Linkage |
20072 |
| Personal name |
Regueira |
| Field link and sequence number |
20072 |
| Miscellaneous information |
Matías Regueira |